Personnages d'anime (manga) en images - D - Statistiques

Statistiques générales
  • Ce quiz a été pris 364 fois
    321 depuis la dernière actualisation
  • Le résultat moyen est 6 sur 20
Statistiques - réponses
Par images Réponse % Correct
Denji
78%
Denki Kaminari
76%
Diane
76%
Donatello
54%
Daiki Aomine
53%
Daki
43%
Dot Pixis
43%
Dende
42%
Damian Desmond
39%
Dororo
20%
Dalmatian
15%
Daichi Sawamura
13%
Dorothy Unsworth
12%
Demiurge/Demiurgos
8%
Dino
4%
Dande
3%
Desha
3%
Dart Dragunov
2%
Daryun
1%
Daikichi Komusubi
0%
Aucun quiz correspondant
Distribution des résultats
% des personnes avec chaque résultat
Percentile par nombre de réponses
Votre historique - résultats
Vous n’avez pas pris ce quiz depuis la dernière actualisation